| 000 | 00546nam a22001457a 4500 | ||
|---|---|---|---|
| 020 | _a0-00-720952-5 | ||
| 082 |
_a823 _bEGA/W |
||
| 100 | _aEGAN, KATE | ||
| 245 |
_aWITCH _bTHE PATH OF REVENGE |
||
| 260 | _bHARPER COLLINS CHILDREN'S BOOKS | ||
| 300 | _a144 | ||
| 520 | _aWhen their newborn son mysteriously vanishes and their crops fail, the family begins to turn on one another. "The Witch" is a chilling portrait of a family unraveling within their own sins, leaving them prey for an inconceivable evil. | ||
| 650 | _aSHORT STORY | ||
| 942 | _cBK | ||
| 999 |
_c6340 _d6340 |
||